Play, dreams and imitation in childhood (Record no. 12682)
[ view plain ]
| 000 -LEADER | |
|---|---|
| fixed length control field | 01718nam a2200433 a 4500 |
| 082 04 - DEWEY DECIMAL CLASSIFICATION NUMBER | |
| Classification number | 155.412 |
| 100 1# - MAIN ENTRY--AUTHOR NAME | |
| Personal name | Piaget, Jean, |
| 245 10 - TITLE STATEMENT | |
| Title | Play, dreams and imitation in childhood |
| 260 ## - PUBLICATION, DISTRIBUTION, ETC. (IMPRINT) | |
| Place of publication | London : |
| Name of publisher | Routledge, |
| Year of publication | 1999, c1951. |
| 300 ## - PHYSICAL DESCRIPTION | |
| Number of Pages | ix, 296 p. : |
| Other physical details | ill. |
| 490 1# - SERIES STATEMENT | |
| Series statement | Developmental psychology ; |
| Series statement | International library of psychology ; |
| 500 ## - GENERAL NOTE | |
| General note | Originally published: London : Routledge and Kegan Paul, 1951. |
| General note | Includes index. |
| 650 #0 - SUBJECT ADDED ENTRY--TOPICAL TERM | |
| Topical Term | Play assessment (Child psychology) |
| Topical Term | Imitation in children. |
| Topical Term | Children's dreams. |
| 856 40 - ELECTRONIC LOCATION AND ACCESS | |
| Uniform Resource Identifier | http://site.ebrary.com/lib/rucke/Doc?id=10017405 |
No items available.
